000 00436nam a2200193Ia 4500
005 20240823034825.0
008 240823s9999||||xx |||||||||||||| ||und||
020 _a978-81-222-0258-8
041 _aENGLISH
082 _A823 Q1
100 _aMulk Raj Anand
245 0 _aAcross the Black Waters
250 _a1st
260 _c2011
_bOrient Paper
500 _aYES
650 _aNovel
_bEnglish
942 _cBK
999 _c199214
_d199214